101 trucos científicos en óptica
সংরক্ষণ করুন:
| প্রধান লেখক: | |
|---|---|
| বিন্যাস: | গ্রন্থ |
| ভাষা: | স্প্যানিশ |
| প্রকাশিত: |
Buenos Aires
Lumen
1992
|
| মালা: | 101 Trucos Científicos, 1
|
| বিষয়গুলি: | |
| ট্যাগগুলো: |
ট্যাগ যুক্ত করুন
কোনো ট্যাগ নেই, প্রথমজন হিসাবে ট্যাগ করুন!
|
MARC
| LEADER | 00000nam a2200000 a 4500 | ||
|---|---|---|---|
| 001 | UCL7161 | ||
| 003 | CL-VaPUC | ||
| 008 | 040507e19920000AG |||||||||||||||||spa|d | ||
| 020 | |a 9507241752 | ||
| 082 | 0 | 4 | |a 372.35 |b RIC |2 21 |
| 100 | 0 | |a Richards, Roy |e author |9 484968 | |
| 245 | 1 | 0 | |a 101 trucos científicos en óptica |
| 300 | |a 32 p | ||
| 942 | |c BK | ||
| 945 | |d 20040507 00:00:00 |a cmena | ||
| 260 | |a Buenos Aires |b Lumen |c 1992 | ||
| 650 | 0 | |a Educación científica |9 307484 | |
| 650 | 0 | |a Optica |9 263171 | |
| 650 | 0 | |a Educación básica |9 224933 | |
| 650 | 7 | |a EXPERIMENTOS CIENTIFICOS |2 CL-VaPUC |9 320167 | |
| 583 | |a last modification |c 20040507 00:00:00 |k Rodrigo Vera | ||
| 490 | 0 | |a 101 Trucos Científicos, 1 | |
| 999 | |c 309015 |d 309013 | ||
| 952 | |0 0 |1 0 |4 0 |6 372_350000000000000_RIC_1992 |7 0 |8 A |9 376080 |a BIBCUR |b BIBCUR |d 2019-11-21 |i 4012283 |o 372.35 RIC 1992 |p 4012283 |r 2025-04-22 |w 2019-11-21 |y BK |k BCB | ||
| 952 | |0 0 |1 0 |4 0 |6 372_350000000000000_RIC_1992 |7 0 |8 A |9 376081 |a BIBCUR |b BIBCUR |d 2019-11-21 |i 4012291 |o 372.35 RIC 1992 |p 4012291 |r 2025-04-22 |w 2019-11-21 |y BK |k BCB | ||